000 00459nam a22001817a 4500
005 20230819152949.0
008 230816b |||||||| |||| 00| 0 eng d
020 _a978-1405-193306
041 _aeng
082 _a618.92 RAP-B
100 _aBRDUGH, HELEN A. AND NATARAJA, RAM
_98050
245 _aRAPID PAEDIATRICS AND CHILD HEALTH
250 _a2ND ED., 2010
260 _bWILEY BLACKWELL
_c2010
300 _a263;p
650 _aBPT
_98051
942 _cBK
999 _c8359
_d8357